000
00362nam a22001577a 4500
003
MPLRDC
005
20220104123734.0
008
210129b ||||| |||| 00| 0 eng d
082
_a
192.3 LYK c.2
100
_a
黄安萍著
245
_a
职业女性必读
_c
260
_a
_b
今日文化公司
_c
300
_b
平
650
_a
942
_c
BK
_o
192.3 LYK c.2
999
_c
13802
_d
13792